Cargando...

Visuddha nabiyude jeevacharithra kadha

Detalles Bibliográficos
Autor Principal: Kabeer,M.K
Formato: Printed Book
Idioma:Malayalam
Publicado: Kottayam:D C Books, 2012.
LEADER 00505nam a22001217a 4500
008 111204s9999 xx 000 0 mal d
100 |a Kabeer,M.K. 
245 |a Visuddha nabiyude jeevacharithra kadha  |c /Kabeer,M.K. 
260 |b Kottayam:D C Books,  |c 2012. 
300 |a 80p. 
942 |c BK 
999 |c 232112  |d 232112 
952 |0 0  |1 0  |2 ddc  |4 0  |6 297_630000000000000_KAB_V  |7 0  |9 257099  |a MAL  |b MAL  |c ST1  |d 2013-04-21  |e Current Books, Bill No:000246 date:18-03-2013  |g 50.00  |l 1  |o 297.63 KAB/V  |p MAL34698  |r 2014-05-06  |s 2014-02-25  |w 2013-04-21  |y BK